Corporate Governance (Record no. 4354)

MARC details
005 - DATE AND TIME OF LATEST TRANSACTION
control field 20250619072230.0
020 ## - INTERNATIONAL STANDARD BOOK NUMBER
International Standard Book Number 0-19-806223-0
082 ## - DEWEY DECIMAL CLASSIFICATION NUMBER
Classification number 346.73 KUM
100 ## - MAIN ENTRY--PERSONAL NAME
Author name KUMAR, S
245 ## - TITLE STATEMENT
Title Corporate Governance
260 ## - PUBLICATION, DISTRIBUTION, ETC.
Place of publication, distribution, etc. New Delhi
Name of publisher, distributor, etc. Oxford University Press
Date of publication, distribution, etc. 2010
300 ## - PHYSICAL DESCRIPTION
Extent x, 569p.:ill.;figures
Other physical details Index
Dimensions 24cm
942 ## - ADDED ENTRY ELEMENTS (KOHA)
Source of classification or shelving scheme Dewey Decimal Classification
Koha item type Books
Holdings
Date last seen Total checkouts Full call number Barcode Cost, replacement price Price effective from Koha item type Lost status Source of classification or shelving scheme Damaged status Not for loan Withdrawn status Home library Current library Shelving location Date acquired Source of acquisition Cost, normal purchase price
06/19/2025   346.73 KUM MZA0001389 150000.00 06/19/2025 Books   Dewey Decimal Classification       CBE Mwanza CBE Mwanza General Collection 07/16/2007 Library Budget 50000.00
06/19/2025   346.73 KUM MZA0001390 150000.00 06/19/2025 Books   Dewey Decimal Classification       CBE Mwanza CBE Mwanza General Collection 07/16/2007 Library Budget 50000.00
06/19/2025   346.73 KUM MZA0001391 150000.00 06/19/2025 Books   Dewey Decimal Classification       CBE Mwanza CBE Mwanza General Collection 07/16/2007 Library Budget 50000.00
06/19/2025   346.73 KUM MZA0001392 150000.00 06/19/2025 Books   Dewey Decimal Classification       CBE Mwanza CBE Mwanza General Collection 07/16/2007 Library Budget 50000.00